000 00350cam a22001337a 4500
008 180718b1960 xxu||||| |||| 00| 0 eng d
082 _aA99 B411
100 _aBelgrave, Charles
245 _aPersonnal column
_cby Charles Belgrave
260 _aLondon
_bHutichinson
_c1960
300 _a248p.
500 _a30/-
650 _aBelgrave,Sir Charles, 1894
999 _c359315
_d359315